000 00553nam a2200193Ia 4500
005 20250508160453.0
008 008 250505s9999 xx 000 0 eng d
037 _aTextual
040 _aFEDL
_beng
_cFEDL
041 _aeng
_2eng
084 _a301.440954, SUS
_qFEDL
100 _aSushil Chandra
245 0 _aSociology of deviation in India
260 _aBombay, India
_bAllied Publishers Private Limited
_c1967
300 _axii,264p.
650 _aSociology
942 _cTEXL
_h301.440954, SUS
999 _c1364804
_d1364804